000 00205 a2200097 4500
020 _a9780590508353
041 _aeng
100 _aCole, Joanna
245 _aThe magic SchoolBus, Blows its top
942 _cBK
999 _c31762
_d31760